| 000 | 00961nam a2200253 4500 | ||
|---|---|---|---|
| 003 | OSt | ||
| 005 | 20260601193526.0 | ||
| 008 | 260507b2007 na ||||| |||| 00| 0 gem d | ||
| 020 | _a 9789057680397 | ||
| 040 |
_aICI _bSPA _cICI |
||
| 050 |
_aTT870 _bW57 |
||
| 100 | 1 |
_aWithers, Laurence K., _eautor _935767 |
|
| 245 | 1 |
_a How to fold = _b Méthodes de pliage = Como dobrar = Metodi per piegare = Métodos de pliegue = Falten, Falzen, formen / |c [designs and drawings by Laurence K. Withers] 24601 |a Méthodes de pliage |
|
| 246 | 1 | _a Como dobrar | |
| 246 | 1 | _bMetodi per piegar | |
| 264 |
_aAmsterdam : _bThe Pepin / _c2007 |
||
| 300 |
_a407 páginas : _bprincipalmente ilustraciones ; _e1 CD-ROM (4 3/4 in.) |
||
| 336 |
_atexto _2rdacontent |
||
| 337 |
_asin medio _2rdamedia |
||
| 338 |
_avolumen _2rdacarrier |
||
| 650 |
_aPlegado de papel (Diseño gráfico) _vManuales _935768 |
||
| 700 | 1 |
_a Withers, Laurence K., _e editor _935769 |
|
| 942 |
_2lcc _cB _n1 |
||
| 999 |
_c21184 _d21184 |
||